00322 2200145 4500001002100000005001500021035002000036245003300056250000800089020001600097260002400113990001300137990001300150990001300163INLIS00000000000264920260119081010 a0010-0126000026 hen Things Don't Go Your Away d. 5 786231342508 TGrafika Mardi Yuana a0057/NFI a0057/NFI a0057/NFI